[Event "106th British-ch 2019"]
[Site "Torquay"]
[Date "2019.07.27"]
[Round "1.1"]
[White "Howell, David W L"]
[Black "Zapolskis, Antanas"]
[Result "1-0"]
[WhiteElo "2697"]
[BlackElo "2290"]
[Annotator "ChessBase"]
[PlyCount "77"]
[EventDate "2019.07.27"]
[EventType "swiss"]
[EventCountry "GBR"]
[SourceTitle "playchess.com"]
[Source "ChessBase"]
[SourceQuality "1"]
[TimeControl "40/5400+30:1800+30"]

1. d4 {[%emt 0:00:05]} d5 {[%emt 0:00:00]} 2. Nf3 {[%emt 0:01:49]} c6 {[%emt 0:00:00]} 3. Bf4 {[%emt 0:00:27]} Nf6 {[%emt 0:00:03]} 4. e3 {[%emt 0:00:47]} Bf5 {[%emt 0:02:35]} 5. c4 {[%emt 0:03:51]} e6 {[%emt 0:03:47]} 6. Qb3 {[%emt 0:05:36]} Qb6 {[%emt 0:10:02]} 7. c5 {[%emt 0:10:08]} Qxb3 {[%emt 0:02:16]} 8. axb3 {[%emt 0:00:07]} Bxb1 {[%emt 0:00:26]} 9. Rxb1 {[%emt 0:00:08]} Nbd7 {[%emt 0:00:08]} 10. b4 {[%emt 0:04:41]} a6 {[%emt 0:00:28]} 11. h3 {[%emt 0:02:11]} Ne4 {[%emt 0:05:03]} 12. Bd3 {[%emt 0:02:57]} Be7 {[%emt 0:09:22]} 13. Ke2 {[%emt 0:04:33]} O-O {[%emt 0:08:15]} 14. g4 {[%emt 0:01:13]} f6 {[%emt 0:00:18]} 15. h4 {[%emt 0:07:41]} e5 {[%emt 0:09:59]} 16. Bh2 {[%emt 0:04:54]} f5 {[%emt 0:05:16]} 17. Nxe5 {[%emt 0:11:14]} Nxe5 {[%emt 0:00:18]} 18. Bxe5 {[%emt 0:00:05]} fxg4 {[%emt 0:00:25]} 19. Bxe4 {[%emt 0:00:06]} dxe4 {[%emt 0:00:10]} 20. h5 {[%emt 0:00:05]} a5 {[%emt 0:04:16]} 21. Rbg1 {[%emt 0:12:00]} axb4 {[%emt 0:03:38]} 22. Rxg4 {[%emt 0:00:11]} Bf6 {[%emt 0:00:17]} 23. Bxf6 {[%emt 0:00:38]} Rxf6 {[%emt 0:00:10]} 24. Rxe4 {[%emt 0:00:06]} Ra2 {[%emt 0:00:19]} 25. Rb1 {[%emt 0:00:06]} Rf5 {[%emt 0:04:50]} 26. Re7 {[%emt 0:00:19]} Rf7 {[%emt 0:08:01]} 27. Re8+ {[%emt 0:00:09]} Rf8 {[%emt 0:00:09]} 28. Re7 {[%emt 0:01:34]} Rf7 {[%emt 0:00:08]} 29. Re5 {[%emt 0:00:11]} Kf8 {[%emt 0:01:36]} 30. f4 {[%emt 0:00:05]} Rf6 {[%emt 0:03:03]} 31. Kd3 {[%emt 0:00:11]} g6 {[%emt 0:00:48]} 32. h6 {[%emt 0:03:31]} Rf5 {[%emt 0:03:55]} 33. Rxf5+ {[%emt 0:01:39]} gxf5 {[%emt 0:00:08]} 34. Kc4 {[%emt 0:00:07]} Ra8 {[%emt 0:00:11]} 35. Rg1 {[%emt 0:00:32]} Re8 {[%emt 0:02:50]} 36. Rg5 {[%emt 0:01:15]} Rxe3 {[%emt 0:00:56]} 37. Rxf5+ {[%emt 0:00:07]} Kg8 {[%emt 0:00:10]} 38. Rg5+ {[%emt 0:00:11]} Kh8 {[%emt 0:00:37]} 39. Re5 {[%emt 0:00:06]} 1-0

[Event "106th British-ch 2019"]
[Site "Torquay"]
[Date "2019.07.27"]
[Round "1.2"]
[White "Rudd, Jack"]
[Black "Adams, Michael"]
[Result "0-1"]
[WhiteElo "2275"]
[BlackElo "2690"]
[Annotator "TA"]
[PlyCount "70"]
[EventDate "2019.07.27"]
[EventType "swiss"]
[EventCountry "GBR"]
[SourceTitle "playchess.com"]
[Source "ChessBase"]
[SourceQuality "1"]

{[%evp 19,76,0,10,0,0,0,0,0,0,0,0,0,0,0,0,-14,-11,-18,0,0,16,-12,0,0,42,32,97,85,89,-148,-135,-159,-162,-159,-143,-154,-152,-106,-147,-125,-118,-166,-179,-180,-174,-207,-185,-352,-372,-411,-395,-356,-252,-7016,-7358,-4794,-5553,-7049,-7049]} 1. e4 e5 2. Nf3 Nc6 3. Bc4 Bc5 4. c3 Nf6 5. d4 exd4 6. cxd4 Bb4+ 7. Bd2 Nxe4 8. Bxb4 Nxb4 9. Bxf7+ Kxf7 10. Qb3+ d5 11. Ne5+ {C54: Giuoco Piano: 4 c3 Nf6, main lines with 5 d4 and 5 d3} Ke6 12. Qxb4 Qf8 13. Qxf8 {The position is equal.} Rxf8 14. f3 Ng5 15. O-O (15. Nc3 c6 16. h4 Nf7 17. Nd3 Kd6 18. Kf2 Nd8 {½-½ (55) Hou,Y (2673)-Aronian,L (2797) Wijk aan Zee 2015}) 15... Kd6 16. Nc3 {Nb5+ is the strong threat.} c6 17. f4 $146 ({Predecessor:} 17. Rad1 Ne6 18. Rfe1 Bd7 {½-½ (60) Radionov,T (2321)-Hagen,A (2395) Stockholm 2016}) 17... Ne6 18. Ne2 g6 19. Rac1 a5 {[%cal Ba7a5,Ba5a4][%mdl 32]} 20. Rc3 a4 21. g4 Ra7 22. Rh3 b6 (22... h5 $14) 23. f5 $1 $16 {[%cal Rf5e6]} gxf5 {Strongly threatening ...Ba6.} 24. gxf5 $2 (24. Rh6 $16 {is forced if you want to stay better. Threatens to win with Ng3.} Rg7 25. Ng3) 24... Rg7+ $17 25. Kh1 {And now Rh6 would win.} Rf6 $1 26. Rc1 {[#]} Nxd4 $1 {[%mdl 64] Remove Defender} 27. Nxd4 {Hoping for Re3.} Kxe5 {[%mdl 64] Double Attack} 28. Nxc6+ Kd6 29. Nd4 Bxf5 {( -> ...Be4+)} 30. Nxf5+ Rxf5 {[%mdl 4096] Endgame KRR-KRR} 31. Rh6+ Rg6 32. Rxh7 Rf2 33. Rhc7 $2 {[#]} (33. Rh4 {was necessary.}) 33... Rgg2 $1 $19 {[%cal Rg2h2]} 34. R7c6+ Ke5 35. Re1+ Re2 {Played: Ke5-f5} 0-1

[Event "106th British-ch 2019"]
[Site "Torquay"]
[Date "2019.07.27"]
[Round "1.3"]
[White "Pert, Nicholas"]
[Black "Moore, Graham J"]
[Result "1-0"]
[WhiteElo "2563"]
[BlackElo "2264"]
[Annotator "TA"]
[PlyCount "139"]
[EventDate "2019.07.27"]
[EventType "swiss"]
[EventCountry "GBR"]
[SourceTitle "playchess.com"]
[Source "ChessBase"]
[SourceQuality "1"]

{[%evp 12,139,35,16,18,16,26,17,12,25,22,26,19,24,26,22,38,0,35,14,17,12,20,2,5,5,4,-7,27,0,13,10,25,5,8,9,44,16,30,23,19,20,46,24,33,31,40,54,89,77,92,100,101,25,21,59,54,21,37,14,18,10,63,64,61,0,87,95,71,72,114,108,116,105,109,95,97,94,91,19,19,19,45,19,62,62,70,70,77,77,77,6,6,0,306,77,77,19,77,77,77,19,77,77,77,77,77,77,77,77,77,77,77,77,77,0,77,77,77,45,45,45,45,52,52,52,52,52,29998,29999]} 1. d4 d5 2. c4 e6 3. Nf3 Nf6 4. Nc3 Be7 5. Bf4 O-O 6. e3 b6 7. Bd3 dxc4 {D37: Queen's Gambit Declined: 5 Bf4} 8. Bxc4 Ba6 9. Qe2 Bxc4 {The position is equal.} 10. Qxc4 c5 11. dxc5 bxc5 12. O-O Nc6 {[%cal Bb8c6,Bc6b4,Bb4d5][%mdl 32]} 13. Rfd1 {[#]} Qa5 $146 ({Predecessor:} 13... Qb6 14. Na4 Qb4 15. Qa6 {½-½ (75) Le,Q (2718)-Zherebukh,Y (2614) Cleveland 2015}) 14. Qa4 (14. a3 {keeps more tension.} Rac8 15. Nd2 Qb6 16. Na4 Qb7 17. Nb3) 14... Rfc8 15. Rac1 Qxa4 16. Nxa4 Nb4 17. a3 Nbd5 18. Be5 Nb6 19. Nc3 a6 20. Kf1 Ra7 21. Rc2 Rb7 22. Rdc1 Nfd7 23. Bg3 Rd8 24. Nd2 Nf6 25. Ke2 h6 26. f3 Nfd5 27. Nce4 c4 $1 28. Be5 f5 29. Nf2 c3 30. Bxc3 Nxc3+ 31. Rxc3 Na4 32. Rc8 (32. Rc7 $1 $16 {[%cal Rc7b7]} Rxc7 33. Rxc7) 32... Nxb2 $11 33. Rxd8+ Bxd8 34. Rc8 Rd7 35. Rc6 a5 36. Nb3 e5 (36... Rc7 $11 37. Nxa5 Kf7) 37. Rc2 $14 Na4 38. Nd3 (38. e4 $14) 38... Bc7 (38... Rb7 $11) 39. e4 fxe4 40. fxe4 Bd6 41. Nxa5 Bxa3 42. Nc4 Bd6 43. Ndxe5 Bxe5 44. Nxe5 $16 {[%mdl 4096] Endgame KRN-KRN} Re7 45. Rc4 ({White should play} 45. Rc8+ $16 Kh7 46. Rh8+ {[%mdl 64] Deflection, Decoy} Kxh8 47. Ng6+ {[%mdl 64] Double Attack} Kg8 48. Nxe7+ Kf7 49. Nd5) 45... Rxe5 $11 46. Rxa4 {KR-KR} Rb5 47. Ra3 Kf7 48. Kf3 Kf6 49. h4 Rb1 50. Ra6+ Ke5 51. Ra7 (51. Ra5+ $16 Kf6 52. g3) 51... Rb3+ 52. Kg4 g6 $2 {[%mdl 8192]} (52... h5+ $1 $11 {and Black is okay.} 53. Kxh5 Rg3) 53. Re7+ $2 (53. Ra6 $1 $18) 53... Kf6 $16 54. Re8 (54. Rc7 $1 $16) 54... Re3 (54... Rb4 $11 {keeps the balance.}) 55. Kf4 Re2 {[#]} 56. g3 (56. Kf3 $1 $16 {[%cal Rf3e2]} Ra2 57. Rg8) 56... Rf2+ (56... g5+ $1 $11 57. Kf3 Ra2) 57. Ke3 Rg2 {[#]} 58. Kf3 $1 {[%cal Rf3g2]} Ra2 59. Rb8 Ra1 60. Rb6+ Kf7 61. Kf4 Ra5 62. Rb7+ Kf6 63. Rb6+ Kf7 64. Rd6 g5+ 65. hxg5 hxg5+ 66. Kg4 {Rd5! is the strong threat.} Re5 67. Rd4 Kg6 68. Kf3 {aiming for Rd6+.} Re8 69. Rd6+ Kh5 $2 {[%mdl 8192]} (69... Kg7 $14) 70. g4+ {Accuracy: White = 48%, Black = 51%.} 1-0

[Event "106th British-ch 2019"]
[Site "Torquay"]
[Date "2019.07.27"]
[Round "1.4"]
[White "Storey, Charles H"]
[Black "Gordon, Stephen J"]
[Result "1-0"]
[WhiteElo "2261"]
[BlackElo "2516"]
[Annotator "ChessBase"]
[PlyCount "59"]
[EventDate "2019.07.27"]
[EventType "swiss"]
[EventCountry "GBR"]
[SourceTitle "playchess.com"]
[Source "ChessBase"]
[SourceQuality "1"]
[TimeControl "40/5400+30:1800+30"]

1. e4 {[%emt 0:00:00]} c5 {[%emt 0:00:00]} 2. Nf3 {[%emt 0:00:00]} d6 {[%emt 0:01:49]} 3. d4 {[%emt 0:00:00]} cxd4 {[%emt 0:00:09]} 4. Nxd4 {[%emt 0:00:00]} Nf6 {[%emt 0:00:09]} 5. Nc3 {[%emt 0:00:00]} a6 {[%emt 0:00:43]} 6. Bg5 {[%emt 0:00:02]} e6 {[%emt 0:05:58]} 7. Qf3 {[%emt 0:00:32]} Nbd7 {[%emt 0:04:46]} 8. Qg3 {[%emt 0:08:00]} h6 {[%emt 0:06:16]} 9. Be3 {[%emt 0:01:06]} b5 {[%emt 0:05:32]} 10. Bd3 {[%emt 0:02:31]} Bb7 {[%emt 0:05:35]} 11. f3 {[%emt 0:01:22]} b4 {[%emt 0:20:08]} 12. Nce2 {[%emt 0:00:41]} Nc5 {[%emt 0:03:50]} 13. O-O {[%emt 0:04:40]} h5 {[%emt 0:10:06]} 14. h3 {[%emt 0:06:07]} h4 {[%emt 0:02:49]} 15. Qe1 {[%emt 0:00:12]} e5 {[%emt 0:06:15]} 16. Nb3 {[%emt 0:04:20]} Nxb3 {[%emt 0:01:21]} 17. axb3 {[%emt 0:00:41]} d5 {[%emt 0:00:34]} 18. exd5 {[%emt 0:15:28]} Nxd5 {[%emt 0:00:05]} 19. Bf2 {[%emt 0:00:07]} Be7 {[%emt 0:00:12]} 20. Rd1 {[%emt 0:00:09]} Qc7 {[%emt 0:00:23]} 21. Be4 {[%emt 0:10:09]} Nb6 {[%emt 0:03:13]} 22. Bxb7 {[%emt 0:01:45]} Qxb7 {[%emt 0:00:05]} 23. Nc1 {[%emt 0:00:03]} Nd7 {[%emt 0:01:03]} 24. Nd3 {[%emt 0:00:48]} Rh5 {[%emt 0:03:22]} 25. Qe2 {[%emt 0:00:54]} Rf5 {[%emt 0:02:15]} 26. Rfe1 {[%emt 0:00:27]} g5 {[%emt 0:05:45]} 27. Bd4 {[%emt 0:11:36]} Bd6 {[%emt 0:05:16]} 28. f4 {[%emt 0:02:28]} O-O-O {[%emt 0:04:38]} 29. fxe5 {[%emt 0:00:53]} Qd5 {[%emt 0:01:18]} 30. Qg4 {[%emt 0:06:15]} 1-0

[Event "106th British-ch 2019"]
[Site "Torquay"]
[Date "2019.07.27"]
[Round "1.5"]
[White "Tan, Justin Hy"]
[Black "Wall, Tim P"]
[Result "1-0"]
[WhiteElo "2513"]
[BlackElo "2246"]
[Annotator "ChessBase"]
[PlyCount "55"]
[EventDate "2019.07.27"]
[EventType "swiss"]
[EventCountry "GBR"]
[SourceTitle "playchess.com"]
[Source "ChessBase"]
[SourceQuality "1"]
[TimeControl "40/5400+30:1800+30"]

1. e4 {[%emt 0:32:36]} Nf6 {[%emt 0:22:14]} 2. e5 {[%emt 0:00:00]} Nd5 {[%emt 0:01:03]} 3. d4 {[%emt 0:00:00]} d6 {[%emt 0:00:13]} 4. Nf3 {[%emt 0:00:00]} dxe5 {[%emt 0:01:11]} 5. Nxe5 {[%emt 0:00:00]} c6 {[%emt 0:00:09]} 6. Be2 {[%emt 0:00:00]} Bf5 {[%emt 0:00:31]} 7. O-O {[%emt 0:00:00]} Nd7 {[%emt 0:00:17]} 8. Nf3 {[%emt 0:00:00]} e6 {[%emt 0:00:13]} 9. c4 {[%emt 0:00:00]} N5f6 {[%emt 0:00:20]} 10. Nc3 {[%emt 0:00:00]} Bd6 {[%emt 0:00:16]} 11. Nh4 {[%emt 0:00:00]} O-O {[%emt 0:00:22]} 12. Nxf5 {[%emt 0:00:00]} exf5 {[%emt 0:00:09]} 13. Qc2 {[%emt 0:00:00]} g6 {[%emt 0:00:57]} 14. h3 {[%emt 0:00:00]} Re8 {[%emt 0:02:14]} 15. Bf3 {[%emt 0:00:00]} Qc7 {[%emt 0:04:29]} 16. g3 {[%emt 0:00:00]} Bb4 {[%emt 0:22:35]} 17. Bf4 {[%emt 0:00:00]} Qa5 {[%emt 0:02:27]} 18. c5 {[%emt 0:02:18]} Bxc3 {[%emt 0:04:03]} 19. bxc3 {[%emt 0:00:03]} Ne4 {[%emt 0:00:51]} 20. c4 {[%emt 0:05:41]} Ndf6 {[%emt 0:06:57]} 21. Rfd1 {[%emt 0:03:33]} Rad8 {[%emt 0:04:03]} 22. Rd3 {[%emt 0:02:54]} g5 {[%emt 0:05:13]} 23. Be3 {[%emt 0:05:27]} Qc7 {[%emt 0:02:38]} 24. Rad1 {[%emt 0:09:37]} h6 {[%emt 0:09:57]} 25. d5 {[%emt 0:05:57]} g4 {[%emt 0:05:10]} 26. hxg4 {[%emt 0:01:53]} fxg4 {[%emt 0:00:14]} 27. Bg2 {[%emt 0:01:55]} Kg7 {[%emt 0:02:27]} 28. Bd4 {[%emt 0:02:25]} 1-0

[Event "106th British-ch 2019"]
[Site "Torquay"]
[Date "2019.07.27"]
[Round "1.6"]
[White "Toma, Katarzyna"]
[Black "Emms, John M"]
[Result "0-1"]
[WhiteElo "2229"]
[BlackElo "2481"]
[Annotator "ChessBase"]
[PlyCount "80"]
[EventDate "2019.07.27"]
[EventType "swiss"]
[EventCountry "GBR"]
[SourceTitle "playchess.com"]
[Source "ChessBase"]
[SourceQuality "1"]
[TimeControl "40/5400+30:1800+30"]

1. e4 {[%emt 0:00:00]} c5 {[%emt 0:00:05]} 2. Nc3 {[%emt 0:00:00]} Nc6 {[%emt 0:00:16]} 3. Bb5 {[%emt 0:00:37]} Nd4 {[%emt 0:00:26]} 4. Bc4 {[%emt 0:00:45]} Nf6 {[%emt 0:00:55]} 5. Nf3 {[%emt 0:00:52]} d6 {[%emt 0:00:57]} 6. h3 {[%emt 0:01:50]} a6 {[%emt 0:01:34]} 7. a4 {[%emt 0:03:53]} e6 {[%emt 0:00:53]} 8. O-O {[%emt 0:03:19]} Be7 {[%emt 0:00:33]} 9. d3 {[%emt 0:00:49]} Nc6 {[%emt 0:00:55]} 10. d4 {[%emt 0:06:28]} cxd4 {[%emt 0:00:49]} 11. Nxd4 {[%emt 0:00:06]} O-O {[%emt 0:08:37]} 12. Be3 {[%emt 0:03:46]} Qc7 {[%emt 0:06:59]} 13. Qe2 {[%emt 0:09:56]} Bd7 {[%emt 0:05:13]} 14. f4 {[%emt 0:06:51]} Rac8 {[%emt 0:03:53]} 15. Nxc6 {[%emt 0:08:04]} Bxc6 {[%emt 0:02:19]} 16. Bd3 {[%emt 0:00:07]} d5 {[%emt 0:33:11]} 17. exd5 {[%emt 0:21:02]} Nxd5 {[%emt 0:03:39]} 18. Nxd5 {[%emt 0:06:31]} Bxd5 {[%emt 0:00:07]} 19. b3 {[%emt 0:01:32]} Bf6 {[%emt 0:11:32]} 20. Rad1 {[%emt 0:00:06]} Bc3 {[%emt 0:02:01]} 21. Qh5 {[%emt 0:05:25]} f5 {[%emt 0:02:09]} 22. Qe2 {[%emt 0:03:18]} Qc6 {[%emt 0:02:14]} 23. Rf2 {[%emt 0:00:54]} Rfe8 {[%emt 0:01:36]} 24. Bd2 {[%emt 0:03:48]} g6 {[%emt 0:01:11]} 25. Re1 {[%emt 0:08:55]} Kf7 {[%emt 0:01:28]} 26. Qe3 {[%emt 0:00:29]} Qc5 {[%emt 0:01:49]} 27. Bxc3 {[%emt 0:00:49]} Qxe3 {[%emt 0:00:41]} 28. Rxe3 {[%emt 0:00:04]} Rxc3 {[%emt 0:00:03]} 29. Rfe2 {[%emt 0:00:18]} Rd8 {[%emt 0:01:35]} 30. Kf2 {[%emt 0:02:56]} Rd6 {[%emt 0:01:35]} 31. g4 {[%emt 0:00:48]} h6 {[%emt 0:02:24]} 32. gxf5 {[%emt 0:00:12]} gxf5 {[%emt 0:00:07]} 33. Ke1 {[%emt 0:00:35]} Bxb3 {[%emt 0:01:12]} 34. Bxa6 {[%emt 0:01:13]} Rxe3 {[%emt 0:02:04]} 35. Rxe3 {[%emt 0:00:02]} Bxa4 {[%emt 0:00:22]} 36. Bxb7 {[%emt 0:00:17]} Bxc2 {[%emt 0:00:21]} 37. Bf3 {[%emt 0:00:05]} Rd4 {[%emt 0:00:51]} 38. Rc3 {[%emt 0:01:11]} Ba4 {[%emt 0:00:24]} 39. Kf2 {[%emt 0:00:43]} Rxf4 {[%emt 0:00:31]} 40. Kg3 {[%emt 0:00:47]} Rb4 {[%emt 0:00:34]} 0-1

[Event "106th British-ch 2019"]
[Site "Torquay"]
[Date "2019.07.27"]
[Round "1.7"]
[White "Williams, Simon K"]
[Black "Merriman, John"]
[Result "1-0"]
[WhiteElo "2468"]
[BlackElo "2226"]
[Annotator "TA"]
[PlyCount "117"]
[EventDate "2019.07.27"]
[EventType "swiss"]
[EventCountry "GBR"]
[SourceTitle "playchess.com"]
[Source "ChessBase"]
[SourceQuality "1"]

{[%evp 13,117,4,15,-37,37,0,0,0,0,0,38,22,10,26,37,0,34,0,-9,-21,50,-81,-14,-12,-12,-15,-17,-20,-12,-25,0,-10,0,0,0,-4,0,0,0,0,22,16,20,23,13,18,26,26,20,20,20,23,24,0,0,0,11,20,12,5,32,0,17,14,18,0,0,-15,-4,-18,64,0,0,0,0,0,0,0,243,256,474,473,429,442,458,409,446,445,443,424,400,409,546,476,633,631,29971,29971,29970,29971,29971,29972,29996,29997,29997,-345]} 1. d4 e6 2. Nf3 Nf6 3. c4 d5 4. Nc3 Be7 5. Bg5 O-O 6. e3 h6 7. Bf4 Nbd7 8. g4 {D53: Queen's Gambit Declined: 4 Bg5 Be7: Early deviations} (8. cxd5 $11 Nxd5 9. Nxd5 exd5 10. Bd3) 8... Ne4 $146 (8... Bb4 $15) ({Predecessor:} 8... dxc4 9. Bxc4 Nb6 10. Bb3 Nfd5 11. Bg3 c5 12. Ne5 cxd4 13. Qxd4 Nxc3 14. bxc3 Nd5 15. O-O Qa5 {0-1 (75) Grischuk,A (2780)-Caruana,F (2803) Khanty-Mansiysk 2015}) 9. Qc2 Nxc3 10. bxc3 {The position is equal.} dxc4 11. Bxc4 Nb6 12. Bd3 Bd7 13. Rg1 Ba4 14. Qd2 (14. Qe2 $5 {[%cal Rg4g5]}) 14... Nd5 15. Bg3 c5 {White must now prevent ...cxd4.} 16. e4 $1 {[%cal Re4d5]} Nf6 (16... Nb6 $11) 17. Be5 (17. g5 $14 {stays ahead.} hxg5 18. Qxg5) 17... Nd7 ({Black should try} 17... Nh7 $17) 18. Bf4 $11 cxd4 19. cxd4 {[#]} e5 $1 {[%mdl 512]} 20. Nxe5 (20. dxe5 Nc5) 20... Nxe5 21. Bxe5 f6 22. Bc4+ Kh8 23. Bf4 Rc8 24. Bb3 $1 Qb6 25. Kf1 (25. Bxa4 $2 Bb4 $19) 25... Bb4 26. Qd1 $1 Bb5+ 27. Kg2 Bc3 28. Rc1 Bxd4 29. Qf3 Bc6 30. Rgd1 Rcd8 {[%cal Bc8d8,Bd8d7,Bd7e7][%mdl 32]} 31. Bd5 Be5 32. Be3 Qa6 33. Rd2 Bxd5 34. exd5 Rd7 35. Qe4 Rfd8 36. Rc4 b6 37. Rc1 Qb7 {[%cal Rd7d5]} 38. Rc6 Bd6 39. a4 Re7 40. Qc4 Qd7 41. h3 Rde8 ({Better is} 41... Qe8 $11) 42. Qb5 (42. Bf4 $14 Bxf4 43. Qxf4) 42... Re4 43. Rd4 Rxe3 44. fxe3 Rxe3 {Threatens to win with ...Qe7.} 45. Qb1 Rg3+ $2 {[#]} (45... Qe8 $11 46. Rxd6 Rg3+ 47. Kh1 (47. Kxg3 Qe3+ {[%mdl 64] Double Attack} 48. Kg2 Qe2+ 49. Kg3 Qe3+ {[%mdl 64] Double Attack} 50. Kg2 Qe2+ 51. Kg3 Qe3+ $11 {[%mdl 64] Double Attack}) 47... Rxh3+ 48. Kg2 Qe2+ 49. Kxh3 Qe3+ 50. Kg2 Qe2+ 51. Kh1 Qf3+ 52. Kh2 Qe2+ 53. Kg3 (53. Kh1 Qf3+ 54. Kh2 Qf2+ 55. Kh3 Qe3+ 56. Kh4 Qg5+ 57. Kh3 Qe3+ $11) 53... Qe3+ 54. Kg2 Qe2+ 55. Kh1 Qf3+ 56. Kh2 Qe2+ 57. Kh1) 46. Kf2 $1 $18 {aiming for Rdc4.} Rxh3 $2 (46... Ra3 {was called for.}) 47. Qf5 Qxf5+ 48. gxf5 {[%mdl 4096] Endgame KRR-KRB} Be5 49. Rd1 Rh5 50. d6 Rxf5+ 51. Ke3 Bxd6 52. Rcxd6 ({Less strong is} 52. Rdxd6 Re5+ 53. Kf3 Rf5+ 54. Kg3 Rg5+ 55. Kh4 Re5 $18) 52... Ra5 53. R1d4 b5 54. R6d5 a6 55. Kf4 {White mates.} Kh7 56. Kf5 h5 57. Rc5 Kh6 58. Rd8 {[%cal Rd8h8]} Kh7 {[#]} 59. Rh8+ $1 {[%mdl 33344] Back Rank. Accuracy: White = 62%, Black = 45%. . Loss on time!?} 1-0

[Event "106th British-ch 2019"]
[Site "Torquay"]
[Date "2019.07.27"]
[Round "1.8"]
[White "Villiers, Thomas"]
[Black "Fernandez, Daniel Howard"]
[Result "1/2-1/2"]
[WhiteElo "2218"]
[BlackElo "2466"]
[Annotator "ChessBase"]
[PlyCount "118"]
[EventDate "2019.07.27"]
[EventType "swiss"]
[EventCountry "GBR"]
[SourceTitle "playchess.com"]
[Source "ChessBase"]
[SourceQuality "1"]
[TimeControl "40/5400+30:1800+30"]

1. c4 {[%emt 0:00:00]} b6 {[%emt 0:01:53]} 2. d4 {[%emt 0:00:17]} e6 {[%emt 0:00:55]} 3. Nc3 {[%emt 0:03:17]} f5 {[%emt 0:00:22]} 4. e4 {[%emt 0:00:28]} fxe4 {[%emt 0:01:25]} 5. Qh5+ {[%emt 0:03:45]} g6 {[%emt 0:00:02]} 6. Qe5 {[%emt 0:00:14]} Nf6 {[%emt 0:00:16]} 7. Nd5 {[%emt 0:07:15]} Kf7 {[%emt 0:00:03]} 8. Nxf6 {[%emt 0:01:33]} Qxf6 {[%emt 0:06:25]} 9. Qxe4 {[%emt 0:00:26]} Nc6 {[%emt 0:08:12]} 10. Nf3 {[%emt 0:00:59]} Bb7 {[%emt 0:01:59]} 11. Bd2 {[%emt 0:05:17]} Qf5 {[%emt 0:04:30]} 12. Bd3 {[%emt 0:05:45]} Qxe4+ {[%emt 0:00:44]} 13. Bxe4 {[%emt 0:00:11]} Nd8 {[%emt 0:04:29]} 14. Ne5+ {[%emt 0:02:12]} Ke8 {[%emt 0:00:15]} 15. Bxb7 {[%emt 0:02:04]} Nxb7 {[%emt 0:00:09]} 16. h4 {[%emt 0:01:10]} Bg7 {[%emt 0:00:15]} 17. h5 {[%emt 0:01:59]} c5 {[%emt 0:03:03]} 18. hxg6 {[%emt 0:01:51]} hxg6 {[%emt 0:00:37]} 19. Rxh8+ {[%emt 0:05:38]} Bxh8 {[%emt 0:00:20]} 20. Bc3 {[%emt 0:01:12]} d6 {[%emt 0:11:57]} 21. Nf3 {[%emt 0:09:49]} Rc8 {[%emt 0:04:32]} 22. Rc1 {[%emt 0:01:46]} Ke7 {[%emt 0:14:09]} 23. Ke2 {[%emt 0:01:48]} cxd4 {[%emt 0:04:52]} 24. Bxd4 {[%emt 0:01:44]} Na5 {[%emt 0:00:02]} 25. Bxh8 {[%emt 0:02:11]} Rxh8 {[%emt 0:00:04]} 26. b3 {[%emt 0:00:48]} Nc6 {[%emt 0:00:04]} 27. Rd1 {[%emt 0:00:49]} Rh5 {[%emt 0:00:39]} 28. Nd4 {[%emt 0:01:26]} Re5+ {[%emt 0:09:35]} 29. Kf3 {[%emt 0:01:13]} Nxd4+ {[%emt 0:00:09]} 30. Rxd4 {[%emt 0:00:09]} d5 {[%emt 0:01:18]} 31. cxd5 {[%emt 0:09:47]} exd5 {[%emt 0:00:15]} 32. Rd3 {[%emt 0:00:02]} Kd6 {[%emt 0:01:57]} 33. Re3 {[%emt 0:01:02]} Rh5 {[%emt 0:02:11]} 34. Kf4 {[%emt 0:01:55]} Rf5+ {[%emt 0:01:42]} 35. Kg3 {[%emt 0:00:08]} d4 {[%emt 0:01:15]} 36. Re8 {[%emt 0:00:20]} Ra5 {[%emt 0:02:58]} 37. a4 {[%emt 0:05:10]} Kc5 {[%emt 0:00:44]} 38. Rc8+ {[%emt 0:06:06]} Kb4 {[%emt 0:00:02]} 39. Rc4+ {[%emt 0:00:16]} Kxb3 {[%emt 0:00:03]} 40. Rxd4 {[%emt 0:00:07]} Rxa4 {[%emt 0:00:13]} 41. Rd6 {[%emt 0:30:04]} g5 {[%emt 0:31:26]} 42. Rg6 {[%emt 0:00:13]} Rc4 {[%emt 0:00:45]} 43. Rxg5 {[%emt 0:00:06]} a5 {[%emt 0:00:06]} 44. f4 {[%emt 0:00:37]} a4 {[%emt 0:00:45]} 45. Rb5+ {[%emt 0:01:38]} Rb4 {[%emt 0:00:12]} 46. Re5 {[%emt 0:00:45]} a3 {[%emt 0:00:17]} 47. Re1 {[%emt 0:02:51]} a2 {[%emt 0:00:16]} 48. f5 {[%emt 0:00:14]} Ra4 {[%emt 0:00:10]} 49. f6 {[%emt 0:01:28]} a1=Q {[%emt 0:01:24]} 50. Rxa1 {[%emt 0:01:10]} Rxa1 {[%emt 0:00:02]} 51. Kf4 {[%emt 0:00:43]} Kc4 {[%emt 0:00:12]} 52. Ke5 {[%emt 0:00:07]} Kc5 {[%emt 0:01:05]} 53. f7 {[%emt 0:00:19]} Re1+ {[%emt 0:05:18]} 54. Kf6 {[%emt 0:01:23]} Rf1+ {[%emt 0:01:29]} 55. Ke7 {[%emt 0:00:37]} b5 {[%emt 0:00:08]} 56. g4 {[%emt 0:00:42]} b4 {[%emt 0:00:41]} 57. g5 {[%emt 0:00:21]} b3 {[%emt 0:02:57]} 58. g6 {[%emt 0:00:06]} b2 {[%emt 0:00:03]} 59. g7 {[%emt 0:00:11]} Rf6 1/2-1/2